Modelo de desarrollo urbano

Bibliographic Details
Main Author: Harris, Britton
Format: Section = Libro
Language:Undetermined
Spanish
Published: Barcelona Oikos-tau 1975
Subjects:
LEADER 00514nam a2200205Ia 4500
008 240829s9999 xx 000 0 und d
020 |a 84-281-0285-6 
040 |a BIBLIOTECA-RUSB/ 711 H313 
041 |a spa 
082 |a 711 H313 
100 1 |a Harris, Britton 
245 1 0 |a Modelo de desarrollo urbano 
260 |a Barcelona  |b Oikos-tau  |c 1975 
300 |a 144 p. :il. 
650 7 |a URBANISMO 
650 7 |b  PLANIFICACION REGIONAL 
650 7 |c  PLANIFICACION URBANA 
942 |c BK  |2 ddc 
991 |a TEXTO 
999 |c 4719